000 00436nam a22001817a 4500
003 koha_MIRAKIL
005 20231213095540.0
008 231213b |||||||| |||| 00| 0 ||| d
020 _b978-0-06-000759-1
040 _aTR-IsEVY
_btur
_cTR-IsEVY
082 _a420 GRE/T
100 _aGREENFIELD, ELOISE.
245 4 _aTHE FRIENDLY FOUR.
260 _bHarper,
_c2006
300 _a47.
650 _aİngiliz Dili.
942 _2ddc
_cBK
999 _c5479
_d5479